[Event "Pan American IBCA-ch 8th"]
[Site "San Jose"]
[Date "2019.11.02"]
[Round "7.6"]
[White "Aceituno Ramirez, Stebe Josue"]
[Black "Franco, Yolima"]
[Result "1/2-1/2"]
[WhiteElo "1416"]
[BlackElo "1534"]
[PlyCount "63"]
[EventDate "2019.10.30"]
[EventType "swiss"]
[EventRounds "7"]
[EventCountry "CRI"]
[SourceTitle "EXT 2024"]
[Source "ChessBase"]
[SourceDate "2023.10.10"]
[SourceVersion "1"]
[SourceVersionDate "2023.10.10"]
[SourceQuality "1"]

1. e4 c5 2. Nf3 Nc6 3. d4 cxd4 4. Nxd4 Nf6 5. Nc3 g6 6. Be2 Bg7 7. 0-0 0-0 8. Be3 d5 9. exd5 Nxd5 10. Nxc6 bxc6 11. Nxd5 cxd5 12. c3 a5 13. Qd2 e5 14. Bh6 Re8 15. Bxg7 Kxg7 16. f3 Qb6+ 17. Kh1 Bb7 18. a4 Rad8 19. Rad1 e4 20. fxe4 Rxe4 21. Bf3 Rxa4 22. Qc2 Ra2 23. Rd2 a4 24. c4 Bc6 25. h3 a3 26. Rb1 dxc4 27. Rxd8 Bxf3 28. Qc3+ Qf6 29. Qxf6+ Kxf6 30. gxf3 Rxb2 31. Ra1 c3 32. Rdd1 1/2-1/2

[Event "COL visually impaired (Women) 14th"]
[Site "Armenia"]
[Date "2018.11.09"]
[Round "2.1"]
[White "Ruiz, Luz Alba"]
[Black "Franco, Yolima"]
[Result "0-1"]
[WhiteElo "1194"]
[BlackElo "1619"]
[PlyCount "22"]
[EventDate "2018.11.09"]
[EventType "swiss"]
[EventRounds "5"]
[EventCountry "COL"]
[SourceTitle "EXT 2024"]
[Source "ChessBase"]
[SourceDate "2023.10.10"]
[SourceVersion "1"]
[SourceVersionDate "2023.10.10"]
[SourceQuality "1"]

1. d4 Nf6 2. Nf3 g6 3. Bf4 Bg7 4. e3 0-0 5. Bd3 d6 6. Nbd2 Nbd7 7. c3 c5 8. 0-0 Re8 9. Ne4 Qb6 10. Qb3 cxd4 11. Qxb6 Nxb6 0-1

[Event "COL-ch visual limited (Women)"]
[Site "Barranquilla"]
[Date "2017.11.10"]
[Round "2.3"]
[White "Yepes Bermudez, Maribel"]
[Black "Franco, Yolima"]
[Result "0-1"]
[WhiteElo "1341"]
[BlackElo "1688"]
[PlyCount "23"]
[EventDate "2017.11.09"]
[EventType "swiss"]
[EventRounds "5"]
[EventCountry "COL"]
[SourceTitle "EXT 2024"]
[Source "ChessBase"]
[SourceDate "2023.10.10"]
[SourceVersion "1"]
[SourceVersionDate "2023.10.10"]
[SourceQuality "1"]

1. e4 c5 2. Nf3 Nf6 3. Nc3 g6 4. Bc4 Bg7 5. d3 0-0 6. Qd2 Nc6 7. Bb3 d5 8. e5 Ng4 9. Qe2 Ncxe5 10. Nxe5 Bxe5 11. Qxe5 Nxe5 12. 0-0 0-1

[Event "COL-ch Visually limited (Women)"]
[Site "Ibague"]
[Date "2015.11.29"]
[Round "2.1"]
[White "Sepulveda, Lyda Marcela"]
[Black "Franco, Yolima"]
[Result "1-0"]
[WhiteElo "1184"]
[BlackElo "1692"]
[PlyCount "111"]
[EventDate "2015.11.28"]
[EventType "swiss"]
[EventRounds "5"]
[EventCountry "COL"]
[SourceTitle "EXT 2024"]
[Source "ChessBase"]
[SourceDate "2023.10.10"]
[SourceVersion "1"]
[SourceVersionDate "2023.10.10"]
[SourceQuality "1"]

1. e4 c5 2. Nf3 Nc6 3. d4 cxd4 4. Nxd4 g6 5. Nc3 Bg7 6. Be3 Nf6 7. Bc4 e6 8. Bb3 Qa5 9. f3 0-0 10. Qd2 a6 11. 0-0-0 Rd8 12. Kb1 b5 13. Nxc6 dxc6 14. Qxd8+ Qxd8 15. Rxd8+ Bf8 16. Bh6 Nd7 17. Bxf8 Nxf8 18. e5 Kg7 19. Rhd1 c5 20. Ne4 c4 21. Bxc4 bxc4 22. Re8 a5 23. Rdd8 Ra7 24. Rxc8 Nd7 25. Re7 a4 26. Nf6 Ra5 27. Rxd7 Rxe5 28. Ne4 Kh6 29. Rxc4 f5 30. Rxa4 fxe4 31. Rxe4 Rf5 32. Rh4+ Kg5 33. Rg4+ Kf6 34. a4 h5 35. Re4 Ra5 36. b3 g5 37. Rd6 Kf7 38. Rdxe6 Rd5 39. Kc1 Rf5 40. Re7+ Kf8 41. Ra7 h4 42. Rb4 Re5 43. Rb8+ Re8 44. Rxe8+ Kxe8 45. Kd2 Kd8 46. Rb7 Kc8 47. Rb5 Kc7 48. c4 Kc6 49. a5 Kc7 50. a6 h3 51. gxh3 Kc8 52. a7 Kd7 53. a8Q Ke7 54. Qa6 Kd8 55. Rb7 Kc8 56. Qa8# 1-0